La Tua Scelta Zero Ostacoli Guida pratica al tuo aborto libero e informato

Guardat en:
Dades bibliogràfiques
Format: Llibre
Idioma:idioma desconegut
Publicat: Network Italiano Pro-Scelta
Etiquetes: Afegir etiqueta
Sense etiquetes, Sigues el primer a etiquetar aquest registre!

MARC

LEADER 00000nam a2200000Ia 4500
001 R-1580
003 CODICE-MESSINA
005 20260212102509.0
008 260211s9999 xx 000 0 und d
040 |c importazione_messina 
245 0 |a La Tua Scelta Zero Ostacoli 
245 0 |b Guida pratica al tuo aborto libero e informato 
260 |b Network Italiano Pro-Scelta 
942 |2 ddc  |c BK 
952 |0 0  |1 0  |2 ddc  |4 0  |6 SCAFFALE_15_000000000000000__LGBT_S_R  |7 0  |9 32418  |a ME  |b ME  |d 2026-02-11  |l 0  |o SCAFFALE 15 - LGBT S.R.  |p R-1580  |r 2026-02-11 23:53:10  |w 2026-02-11  |x [REVISIONARE]  |y BK 
999 |c 28085  |d 28085